000
00218nam a22000857a 4500
008
170125b xxu||||| |||| 00| 0 eng d
100
_9
2577
_a
BPI India
245
_a
The donkey Learns a leason
260
_a
New Delhi
_b
BPI
_c
2010
999
_c
5703
_d
5703